| 000 | 00663nam a2200205Ia 4500 | ||
|---|---|---|---|
| 003 | GCL | ||
| 008 | 140319s9999 xx 000 0 ara d | ||
| 040 |
_aGCL / _cGCL |
||
| 082 | 0 | 4 |
_a940.1 _bا م |
| 100 | 1 | _aابراهيم على طرخان | |
| 245 | 1 | 0 |
_aالمسلمون فى اوروبا فى العصور الوسطى / _cابراهيم على طرخان |
| 260 |
_a[S.N] : _bمؤسسة سجل العرب ، _c1966 |
||
| 300 | _a246 ص | ||
| 490 |
_aسلسلة الالف كتاب _v0 |
||
| 650 | 0 | 4 | _aالمسلمون |
| 650 | 0 | 4 | _aالعصور الوسطى |
| 650 | 0 | 4 | _aالحضارة الاسلامية |
| 650 | 0 | 4 | _aاوربا |
| 942 |
_2ddc _cBK |
||
| 999 |
_c34976 _d34976 |
||